Analýza vybraných CP na finančnom trhu v SR bakalárska práca

Guardado en:
Detalles Bibliográficos
Autor principal: Bánovská, Nikoleta
Autor Corporativo: Fakulta podnikového manažmentu EU. Katedra podnikových financií
Otros Autores: Mikloš, Miroslav, 1975-
Formato: Libro
Lenguaje:eslovaco
Publicado: Bratislava 2014
Etiquetas: Agregar Etiqueta
Sin Etiquetas, Sea el primero en etiquetar este registro!

MARC

LEADER 00000nbm a2200000 4500
001 0204104
005 20161212102903.8
041 0 |a slo 
044 |a SK 
245 1 0 |a Analýza vybraných CP na finančnom trhu v SR  |b bakalárska práca  |c Nikoleta Bánovská ; školiteľ: Miroslav Mikloš 
264 1 |a Bratislava  |c 2014 
300 |a 50 s. 
100 1 |a Bánovská, Nikoleta 
700 1 |a Mikloš, Miroslav, 1975- 
710 2 |a Fakulta podnikového manažmentu EU. Katedra podnikových financií